000 00595nam a2200229Ia 4500
003 OSt
005 20220928114737.0
006 a|||||r|||| 00| 0
007 ta
008 220927b |||||||| |||| 00| 0 eng d
024 _a42157
037 _cTextual
040 _aSDCL
_cSDCL
_beng
041 _2eng
_aeng
082 _aS6, N1
100 _aFrith Uta Ed.
_9440735
245 0 _aAutism and asperger syndrome.
260 _aCambridge
_bCambridge University Press
_c1991
300 _ax,247p.
_ccm.
942 _hS6, N1
_cTEXL
_2CC
999 _c756269
_d756269